01381nam a22003377a 4500003000500000005001700005008004100022010001000063011001000073035001000083040000900093090001000102100003800112245022700150260003900377300001000416502009900426590003700525590004100562590004100603590004100644590004200685650002800727650004900755650004100804901000700845942001000852949003600862999001700898952012800915CHAP20220329135619.0971013s1981 r 00010 d a39300 a40272 a44397 cCHAP aTesis00aEstañol Rangel, Enrique.938276 aHábitos y jerarquización en ganado lechero ; un estudio comparativo entre becerras y entre las madres de cada una de esas becerras y determinación de la influencia de la dominancia social con la producción láctea aMéxico, D. F. :bEl autor,c1981 a30 h. aTesis (Médico Veterianrio Zootecnista) -- UNAM. Facultad de Medicina Veterinaria y Zootecnia aALEPHb10c20130110lUCH01h1307 aBATCH-UPDb10c20130110lUCH01h1229 aBATCH-UPDb10c20130410lUCH01h0800 aBATCH-UPDb10c20130914lUCH01h1511 aCONVERSIONb10c20130109lUCH01h132214aGanado Holstein.94513314aGanado lecheroxHábitos y conducta.94527114aGanado lecheroxProducción.945288 aBK cTESIS bBCcTESd-101722eTS1i44397si c39300d39300 00102local4051708TESISaBCbBCcPA_TESISd2012-12-17fTESISl0oTesisp-101722r2019-12-31 00:00:00w2019-12-31yTESIS